000
00294nam a22001337a 4500
008
181217b xxu||||| |||| 00| 0 eng d
020
_a
9780721601946
041
_a
eng
080
_2
2 TH
_a
616
100
_a
9
101
_a
PAT
245
_a
Review Of Pathology
_c
Kumar.K
942
_2
udc
_c
BK
999
_c
53212
_d
53212